Puccini: a critical biography

Bewaard in:
Bibliografische gegevens
Hoofdauteur: Carner, Mosco (Auteur)
Formaat: Boek
Taal:Engels
Gepubliceerd in: Nueva York Alfred A. Knopf 1958
Onderwerpen:
Tags: Voeg label toe
Geen labels, Wees de eerste die dit record labelt!

MARC

LEADER 00000nam a2200000 a 4500
001 UCN2164
003 CL-VaPUC
005 20231207104124.0
008 010511e19580000US |||||||||||||||||eng|d
999 |c 295322  |d 295320 
040 |c Pontificia Universidad Católica de Valparaíso 
082 0 4 |a 927.8 CAR 1958  |2 21 
100 0 |a Carner, Mosco  |e author  |9 457841 
245 1 0 |a Puccini: a critical biography 
260 |a Nueva York  |b Alfred A. Knopf  |c 1958 
300 |a 487 p 
583 |a last modification  |c 20010511 00:00:00  |k Rodrigo Vera 
600 0 |a Puccini, Giacomo  |d 1858-1924  |v Biografías  |z Italia  |9 306246 
650 0 |a Compositores italianos  |9 329309 
942 |c BK  |2 ddc 
945 |d 20010511 00:00:00  |a crobeson 
952 |0 0  |1 0  |4 0  |6 927_800000000000000_CAR_1958  |7 0  |8 A  |9 348302  |a BIBEDU  |b BIBEDU  |d 2019-11-20  |i 1181726  |o 927.8 CAR 1958  |p 1181726  |r 2023-01-12  |w 2019-11-20  |y BK  |k MUS